03313nam a2200289Ia 4500003000400000005001700004008004100021020001800062040002100080041000800101082002300109100004800132245009100180260004400271300007800315490002600393505061200419520153301031650003502564650005202599650004802651700003602699942001202735999001702747952012802764952013102892OSt20210921152351.0210310s2014 sp ad gr 000 0 spa d a9788436831870 aCO-JMCRcCO-JMCR0 aspa04a338.5 /bA282g2231 aAguado Franco, Juan Carlos, eautor 92844410aGuía para comprender la microeconomía / cJuan Carlos Aguado Franco, Hamid Hamoudi aMadrid, España : bPirámide, c2014 a211 páginas : bilustraciones y gráficas en blanco y negro ; c23 cm.0 aEconomía y emnpresa aLa economía como ciencia. - La escasez. -- La oferta, la demanda y el equilibrio del mercado. -- El comportamiento del consumidor. -- Las elasticidades. -- Efecto renta y efecto sustitución. -- Análisis teórico de la producción. -- Coste de producción. -- La competencia perfecta. -- El monopolio. -- Discriminación de precios en el monopolio. -- La teoría de juegos. -- El oligopolio. -- La competencia monopolística. -- Los bienes públicos. -- Externalidades. -- La distribución de la renta y de la riqueza. -- Economía del bienestar. -- Introducción a la economía industrial. 0 aEs una obra sencilla cuyo objetivo es hacer llegar los conceptos más marcados de la microeconomía a cualquier lector de forma que pueda entender la materia, esto es, el comportamiento microeconómico de los consumidores, de las empresas, de los mercados y de los gobiernos. En definitiva, comprender mejor en clave microeconómica la realidad en la que vivimos. Las explicaciones teóricas de los contenidos se ilustran con análisis gráficos que facilitan la comprensión de lo explica do, y con ejemplos de la vida cotidiana. Se han evitado los desarrollos que pudieran dificultar la comprensión para los lectores que carezcan de unos conocimientos matemáticos sólidos. El contenido se va desarrollando a lo largo de diecinueve capítulos muy breves y que recogen de manera resumida los aspectos más importantes de cada tema, abarcando el estudio fundamental de la microeconomía: la oferta y la demanda, los mercados, los consumidores, la empresa, la competencia perfecta, el monopolio, el oligopolio, la competencia monopolística, los fallos del mercado, la distribución de la renta, etc. Para hacerlo más ameno se han incorporado al final de la mayoría de los capítulos enlaces QR a materiales complementarios. Estos materiales en ocasiones son artículos que permiten al lector interesado profundizar en algunos aspectos; otras veces son vídeos en los que se desarrollan de forma amena los contenidos; y en otras ocasiones son enlaces a ejercicios numéricos resueltos con todo detalle.14aMicroeconomíaxguía92844624aMicroeconomíavcomportamiento xguía94067524aMicroeconomía vMercados xguía 9406761 aHamoudi, Hamid, eautor 940677 2ddccBK c12514d12514 00102ddc4070aCPLbCPLcGENd2018-04-15eDonacióno338.5 / A282gp430000744r2024-05-16 00:00:00tEj.1w2021-03-10yBK 00102ddc4070aCPLbCPLcGENd2018-04-15eDonaciónl0o338.5 / A282gp430000743r2024-05-16 00:00:00tEj.2w2021-03-10yBK